00427nam a2200157Ia 4500008004100000040001900041041001200060082001900072100001800091245004000109260003800149300001900187650003100206651001400237850001800251131103s9999 xx 000 0 und d aLoreto College aEnglish a920/OMMbLCLIB aOmmanney, F D 4aThe house in the parkcF D Ommanney aLondonbThe Right Book Clubc1946 a190p. c 23cm. aPark, Richmond - Biography aBiography aLCLIB/920/OMM